00929cam a22003138a 450000100090000000300040000900500170001300800410003001000170007102000180008803500200010604000180012604200080014406000120015208200190016410000310018324500440021425000120025826000450027026300090031530000140032449000230033850000850036150400510044665000240049770000290052170000410055083000240059117231136OSt20150408114153.0120328s2013 nyu b 001 0 eng  a 2012013036 a9780415693141 a(DNLM)101581149 aDNLM/DLCcDLC apcc10aQU 18.200a576.5223bFHG1 aFletcher, H. L.q(Hugh L.)10aGenetics /cHugh Fletcher, Ivon Hickey. a4th ed. aNew York, NY :bGarland Science,cc2013. a1204 ap. ;ccm.1 aBIOS instant notes aRev. ed. of: Genetics / G.I. Hickey, H.L. Fletcher, and P. Winter. 3rd ed. 2007. aIncludes bibliographical references and index.12aGeneticsvOutlines.1 aHickey, G. I.q(G. Ivor)1 aHickey, G. I.q(G. Ivor).tGenetics. 0aBIOS instant notes.